| 000 | 00506nam a22001817a 4500 | ||
|---|---|---|---|
| 999 |
_c12297 _d12297 |
||
| 008 | 221214b 2013 ||||| |||| 00| 0 eng d | ||
| 020 | _a9789350140215 | ||
| 082 |
_a621.4021 _bKUM |
||
| 100 | _aKumar D. S. | ||
| 245 | _aApplied Thermodynamics | ||
| 250 | _a2nd ed. | ||
| 260 |
_aNew Delhi _bS. K. Kataria & Sons _c2013 |
||
| 300 | _a502p. | ||
| 650 | _aBasic Concepts And Laws Of Thermodynamics | ||
| 650 | _aAvailability And Irreversibility | ||
| 650 | _aThermodynamics Relations | ||
| 942 | _cGB | ||